Global Language Vocabulary- N - Statistics

General Stats
  • This quiz has been taken 85 times
    71 since last reset
  • The average score is 4 of 12
Answer Stats
Language Answer % Correct
English No
100%
German Nein
89%
Russian Нет, nyet
81%
Portuguese Não
46%
Arabic لا, la
24%
Chinese (Simplified) 不, bù
19%
Greek Όχι, óchi
16%
Korean 아니요, aniyo
10%
Hindi नहीं, nahin
8%
Malay Tidak
6%
Filipino Hindi
5%
Navajo Dooda
0%
No matching quizzes found
Score Distribution
Percent of People with Each Score
Percentile by Number Answered
Your Score History
You have not taken this quiz since the last reset